Out of the ashes tools for recovering corporate health

Guardado en:
Detalles Bibliográficos
Autor principal: Mognetti, Jean Frédéric
Formato: Libro
Lenguaje:inglés
Publicado: Chichester John Wiley & Sons, Ltd 2008
Materias:
Etiquetas: Agregar Etiqueta
Sin Etiquetas, Sea el primero en etiquetar este registro!

MARC

LEADER 00000nam$a2200000$$$4500
001 0105171
005 20240312115916.1
020 |a 978-0-470-51868-7 
041 0 |a eng 
044 |a GB 
245 1 0 |a Out of the ashes  |b tools for recovering corporate health  |c Jean Frédéric Mognetti 
264 1 |a Chichester  |b John Wiley & Sons, Ltd  |c 2008 
300 |a xxvi, 324 s. 
610 2 0 |a podnik 
610 2 0 |a zmeny organizačné 
610 2 0 |a zmeny štruktúrne 
610 2 0 |a reorganizácia 
610 2 0 |a priemysel letecký 
100 1 |a Mognetti, Jean Frédéric